| 000 | 00600nam a22001817a 4500 | ||
|---|---|---|---|
| 005 | 20130819151622.0 | ||
| 010 | _aENG-107842 | ||
| 020 |
_a9789380831749 _c226.00 |
||
| 035 | _aEN-91375 | ||
| 037 | _bDBAD/PUB | ||
| 082 | _a301.954 | ||
| 100 | _aSanthosh Roopa, A. | ||
| 245 |
_aIndian society : _cby A. Santhoshi Roopa _bstructure and change / |
||
| 260 |
_aHyderabad _bStudentshelpline Publishing House _c2012 |
||
| 270 |
_a326/C, Surneni Nilayam, near B K Guda Park, S.R. Nagar, _bHyderabad _e500038 |
||
| 300 |
_avarious pagingss _c22cm(pbk) |
||
| 942 |
_2ddc _cEN _mSAN _h301.954 |
||
| 999 |
_c77281 _d77281 |
||